| 000 | 00386 a2200169 4500 | ||
|---|---|---|---|
| 001 | 13729 | ||
| 020 | _a9788508044689 | ||
| 040 | _cAnchieta - Aquarius | ||
| 100 | _aAzevedo, Ricardo | ||
| 240 | 1 | 0 |
_aNossa rua tem um problema _lpor |
| 245 | 1 | 0 | _aNossa rua tem um problema |
| 300 | _a32 | ||
| 362 | 0 | _a1999 | |
| 440 | 1 | _aÁtica | |
| 650 | 4 | _aLiteratura infanto-juvenil | |
| 942 | _cBK | ||
| 999 |
_c13729 _d13729 |
||